Представление документа в формате MARC21

Поле Инд. ПП Название Значение
Тип записи a
Библиографический уровень m
001 Контрольный номер RU/IS/BASE/295800393
005 Дата корректировки 20220708111047.4
040 b Код языка каталог. rus
041 0_ a Код языка текста rus
080 a Индекс УДК 004.42
084 a Индекс другой классификации/Индекс ББК 32.972.202
090 a Полочн. индекс 681.3
c Каталожный индекс 681.3.061
x Авторский знак З-17
097 b Оператор 11
100 1_ a Автор Зайцева Ж. Н.
245 10 a Заглавие Программирование в ОС ЕС на базе языка Ассемблера
260 a Место издания М.
b Издательство Финансы и статистика
c Дата издания 1981
300 a Объем 319 с.
510 a Примечание о ссылках Книги и методические пособия
650 a Основная рубрика 50.41 Программное обеспечение вычислительных машин, комплексов и сетей
x Основная подрубрика 50.41.17 Системное программное обеспечение
653 a Ключевые слова языки программирования; программирование; вычислительные системы; операционные системы; Assembler
901 t Тип документа m